Normal view
MARC view
Entry Personal Name
001 - CONTROL NUMBER
- control field: 26742
003 - CONTROL NUMBER IDENTIFIER
- control field: OSt
005 - DATE AND TIME OF LATEST TRANSACTION
- control field: 20210811105518.0
008 - FIXED-LENGTH DATA ELEMENTS
- fixed length control field: 210811|| aca||aabn | a|a d
040 ## - CATALOGING SOURCE
- Original cataloging agency: OSt
- Transcribing agency: OSt
100 ## - HEADING--PERSONAL NAME
- Personal name: jagat, Suresh Kumar
670 ## - SOURCE DATA FOUND
- Source citation: Work cat.: (OSt)517522: jagat, Suresh Kumar, Analysis of stakeholder’s approach and view for the successful implementation of mild-day meal schme in rural areas of Dakshin Dinajpur district of West Bengal
